ARRUPE JESUIT UNIVERSITY

CORONAVIRUS -STOP THE SPREAD - CLEAN,DISINFECT,COVER

econimic policy in the carter Administration. (Record no. 131818)

MARC details
000 -LEADER
fixed length control field 00546nam a22001577a 4500
008 - FIXED-LENGTH DATA ELEMENTS--GENERAL INFORMATION
fixed length control field 240305b |||||||| |||| 00| 0 eng d
020 ## - INTERNATIONAL STANDARD BOOK NUMBER
International Standard Book Number 0313295689.
050 ## - LIBRARY OF CONGRESS CALL NUMBER
Classification number HC106.7.C34 1995
100 ## - MAIN ENTRY--PERSONAL NAME
Personal name Campangna S, Anthony
9 (RLIN) 52497
245 ## - TITLE STATEMENT
Title econimic policy in the carter Administration.
Statement of responsibility, etc Anthony S.Campagna
260 ## - PUBLICATION, DISTRIBUTION, ETC. (IMPRINT)
Place of publication, distribution, etc London:
Name of publisher, distributor, etc Green Press
Date of publication, distribution, etc 1995.
300 ## - PHYSICAL DESCRIPTION
Extent xv,
Other physical details 218p;
Dimensions 24cm.
650 ## - SUBJECT ADDED ENTRY--TOPICAL TERM
Topical term or geographic name as entry element United States
Form subdivision economic policy
Chronological subdivision 1971-1981.
9 (RLIN) 52498
650 ## - SUBJECT ADDED ENTRY--TOPICAL TERM
Topical term or geographic name as entry element United States
Form subdivision politics and government
Chronological subdivision 1977-1981.
9 (RLIN) 52499
942 ## - ADDED ENTRY ELEMENTS (KOHA)
Source of classification or shelving scheme Library of Congress Classification
Item type Monograph ( Printed materials)
Holdings
Withdrawn status Lost status Source of classification or shelving scheme Damaged status Not for loan Home library Current library Shelving location Date acquired Total Checkouts Full call number Barcode Date last seen Price effective from Koha item type
    Library of Congress Classification     ARRUPE LIBRARY ARRUPE LIBRARY Main Collection 05/03/2024   HC106.7.C34 1995 46700000272 05/03/2024 05/03/2024 Monograph ( Printed materials)

 

Arrupe Library. PO Box MP320 Mt Pleasant, Harare, Zimbabwe
263 242 745411|librarian@aju.ac.zw